000 00622nam a2200181 i 4500
001 51602
003 ES-MaACL
005 20230906162407.0
007 t|
008 030814s1961 sp ||||1| spa d
100 1 _aDamas y Hernández, José María de.
_942551
245 1 0 _aDisquisiciones históricas /
_ccomentarios y anotaciones del autor José Mª de Damas y Hernández.
260 _a[Jaén] :
_b[s.n.],
_c1961 (
_fDiario Jaén)
300 _a1 v. :
_bil. ;
_c21 cm.
505 8 _aContiene: T. I: Carnaval y reconquista
651 _aJaén (Provincia)-
_xHistoria.
_9137242
852 _aES-MaACL
_jP-821-bis
_bR.49746
999 _c51602
_d51602